|
|
|
|
| LEADER |
00000naa a22000007a 4500 |
| 005 |
20111018100850.0 |
| 008 |
111018s2011 cl |||||s|||| 00||0 spa d |
| 020 |
|
|
|a 956-10-1931-0
|
| 035 |
|
|
|a 5988
|
| 040 |
|
|
|a vLex
|
| 090 |
|
|
|c 2666
|d 2666
|
| 100 |
1 |
|
|a Vels̀quez V., Fernando
|
| 245 |
1 |
0 |
|a Derecho Penal
|h [Recurso electrn̤ico] :
|b Parte General /
|c Fernando Vels̀quez V.
|n Tomo I
|
| 256 |
|
|
|a Servicio en ln̕ea.
|
| 260 |
|
|
|a [Chile] :
|b Editorial jurd̕ica de Chile,
|c 2011
|
| 300 |
|
|
|a 1 recurso electrn̤ico
|
| 490 |
0 |
|
|a Ciencias penales
|
| 500 |
|
|
|a Este libro ha sido actualizado con las importantes innovaciones de los l︢timos diez aǫs, adems̀ de las modificaciones en materia procesal penal y constitucional, a la luz de las discusiones doctrinarias y jurisprudenciales contemporǹeas
|
| 506 |
1 |
|
|a Contenido solo disponible en los productos indicados
|d vLex Global
|d vLex Global (Academic Edition, excluding Law Schools)
|d vLex Global (U.S. Academic Edition, Law Schools)
|d vLex Global (U.S. Academic Edition, excluding Law Schools)
|d vLex Global (Academic Edition, Law Schools)
|
| 650 |
0 |
4 |
|a Derecho Penal
|z Chile
|
| 740 |
0 |
|
|a vLex Libros (Servicio en ln̕ea)
|
| 856 |
4 |
0 |
|u http://vlex.com/source/5988
|z Acceso restringido
|
| 942 |
|
|
|c BOOK
|